000 00556ntaaa2200205 4500
003 01
005 20251027202044.0
008 0714s1973 ag 01
040 _aAR-BaBN
_bspa
_cAR-BaBN
_eaacr
_dRIC
082 _a251.0200 M24
100 _aMacpherson, Ian
_919046
245 _aSermon outlines from sermon masters
250 _a1 ed.
260 _aNew York :
_bAbingdon Press,
_cc1960
300 _a224 p
500 _a550 sermon plans from the New Testament
650 _abosquejos
_919140
650 _asermones-Nuevo Testamento
_919153
942 _cBK
999 _c15362
_d15362